Alive for Five? (TV Edition) Quiz Stats

Quiz Updated Sep 18, 2017

Challenge
Share
Tweet
Embed
Score 0/20 Timer 04:00
1 Play Today
TV Series M or F? % Correct
M*A*S*H???
94.7%
The Cosby Show???
94.6%
The Big Bang Theory???
90.8%
I Love Lucy???
88.1%
Firefly???
84.9%
My Mother the Car???
84.2%
Three's Company???
80.7%
Major Dad???
71.6%
Night Court???
67.1%
8 Simple Rules???
64%
TV Series M or F? % Correct
Wings???
63.7%
Welcome Back Kotter???
59.5%
Mork & Mindy???
56.3%
According to Jim???
56.2%
Green Acres???
54.3%
WKRP in Cincinnati???
49%
My Name is Earl???
48.9%
The Addams Family ('60s)???
45.7%
Benson???
39.2%
Gilligan's Island???
34.3%

You're not logged in!

Compare scores with friends on all Sporcle quizzes.
Sign Up with Email
OR
Log In

You Might Also Like...

Show Comments

Extras

Top Quizzes Today


Score Distribution

Your Account Isn't Verified!

In order to create a playlist on Sporcle, you need to verify the email address you used during registration. Go to your Sporcle Settings to finish the process.